Fr. Conceicao Rodrigues College of Engineering

Alloying elements in steel (Record no. 22608)

MARC details
000 -LEADER
fixed length control field 00307nam a2200133Ia 4500
082 ## - DEWEY DECIMAL CLASSIFICATION NUMBER
Classification number 620.17
100 ## - MAIN ENTRY--PERSONAL NAME
Personal name Bain/ E.C./ Paxton/ H.W.
245 ## - TITLE STATEMENT
Title Alloying elements in steel
260 ## - PUBLICATION, DISTRIBUTION, ETC.
Name of publisher, distributor, etc. American Society for metals
Place of publication, distribution, etc. Ohio
Date of publication, distribution, etc. 1966
300 ## - PHYSICAL DESCRIPTION
Extent 291
546 ## - LANGUAGE NOTE
Language note ENGLISH
654 ## - SUBJECT ADDED ENTRY--FACETED TOPICAL TERMS
Focus term Alloying
942 ## - ADDED ENTRY ELEMENTS (KOHA)
Koha item type BOOK
Holdings
Withdrawn status Lost status Damaged status Not for loan Collection Home library Current library Shelving location Date acquired Source of acquisition Cost, normal purchase price Inventory number Total Checkouts Full call number Barcode Date last seen Cost, replacement price Price effective from Koha item type
        AFT Fr. Agnel's C.Rodrigues College of Engineering Fr. Agnel's C.Rodrigues College of Engineering   17/03/2023 UBS 171.60 t/662   620.17 AFT2368 17/03/2023 171.60 17/03/2023 BOOK